Statistical methods for agricultural field experiments (Record no. 42992)

MARC details
000 -LEADER
fixed length control field 00470nam a2200169Ia 4500
020 ## - INTERNATIONAL STANDARD BOOK NUMBER
ISBN 9789380235424
082 ## - DEWEY DECIMAL CLASSIFICATION NUMBER
Classification number 31:631
Item number KAT;1
100 ## - MAIN ENTRY--AUTHOR NAME
Personal name Gangwar, B
245 #0 - TITLE STATEMENT
Title Statistical methods for agricultural field experiments
260 ## - PUBLICATION, DISTRIBUTION, ETC. (IMPRINT)
Place of publication New Delhi
Name of publisher New India Publishing Agency
Year of publication 2011
650 ## - SUBJECT ADDED ENTRY--TOPICAL TERM
Topical Term Farm experiment analysis
650 ## - SUBJECT ADDED ENTRY--TOPICAL TERM
Topical Term Farming system
650 ## - SUBJECT ADDED ENTRY--TOPICAL TERM
Topical Term Sampling
700 ## - ADDED ENTRY--PERSONAL NAME
Personal name Katyal, V
942 ## - ADDED ENTRY ELEMENTS (KOHA)
Koha item type Books
Holdings
Withdrawn status Lost status Damaged status Not for loan Home library Current library Date acquired Cost, normal purchase price Full call number Accession Number Koha item type
        RRII Library RRII Library 16/12/2021 350.00 31:631 KAT;1 23256 Books